Online
Catalog

Género y sociedad. (Record no. 15323)

MARC details
000 -CABECERA
campo de control de longitud fija 00751nas a2200193 a 4500
001 - NÚMERO DE CONTROL
campo de control 000015776
005 - FECHA Y HORA DE LA ÚLTIMA TRANSACCIÓN
campo de control 20210617081214.0
008 - DATOS DE LONGITUD FIJA--INFORMACIÓN GENERAL
campo de control de longitud fija 950512c19939999dr tr p 0 0spa
040 ## - FUENTE DE LA CATALOGACIÓN
Centro catalogador/agencia de origen DO-SdBNP
Lengua de catalogación spa
043 ## - CÓDIGO DE ÁREA GEOGRÁFICA
Código de área geográfica nwdr---
245 00 - MENCIÓN DE TÍTULO
Título Género y sociedad.
260 ## - PUBLICACIÓN, DISTRIBUCIÓN, ETC.
Lugar de publicación, distribución, etc. Santo Domingo, República Dominicana :
Nombre del editor, distribuidor, etc. Centro de Estudio del Género,
Fecha de publicación, distribución, etc. 1993-.
300 ## - DESCRIPCIÓN FÍSICA
Extensión v. ;
Dimensiones 24 cm.
310 ## - PERIODICIDAD ACTUAL
Periodicidad actual Cuatrimestral
362 0# - FECHAS DE PUBLICACIÓN Y/O DESIGNACIÓN SECUENCIAL
Fecha de publicación y/o designación secuencial Vol. 1, no. 1 (mayo-agosto 1993-)
650 #4 - PUNTO DE ACCESO ADICIONAL DE MATERIA--TÉRMINO DE MATERIA
Término de materia o nombre geográfico como elemento de entrada Mujer
Subdivisión geográfica República Dominicana
Subdivisión general Condición social
Subdivisión de forma PUBLICACIONES PERIÓDICAS
9 (RLIN) 35510
650 #4 - PUNTO DE ACCESO ADICIONAL DE MATERIA--TÉRMINO DE MATERIA
Término de materia o nombre geográfico como elemento de entrada Mujer
Subdivisión geográfica Publicaciones Periódicas
Subdivisión general Condición económica
Subdivisión de forma PUBLICACIONES PERIÓDICAS
9 (RLIN) 35511
710 ## - PUNTO DE ACCESO ADICIONAL--NOMBRE DE ENTIDAD CORPORATIVA
Nombre de entidad corporativa o nombre de jurisdicción como elemento de entrada Instituto Tecnologico de Santo Domingo.
Unidad subordinada Centro de Estudio del Género
9 (RLIN) 35512

No items available.

Powered by Koha